000 00962nam a2200289 i 4500
001 bg
003 KOSZ 005
005 20230315144542.0
008 s pl f |000 0 pol
020 _a8386890827
040 _cBPK
041 0 _apl
080 _a651.7(07)
100 1 _aFÜCHSEL, Halina
245 1 0 _aKorespondencja w firmie czyli, jak piszesz, tak cię widzą /
_cHalina Füchsel.
260 _aWarszawa :
_b"Poltext",
_c2001.
300 _a330, [1] s. :
_bil. ;
_c24 cm.
336 _2rdacontent
_aTekst
_btxt
337 _2rdamedia
_aBez urządzenia pośredniczącego
_bn
338 _2rdacarrier
_aWolumin
_bnc
504 _aBibliogr.
650 9 _aKorespondencja urzędowa
655 _aPodręczniki
856 _uhttp://koha.tu.koszalin.pl/cgi-bin/koha/opac-detail.pl?biblionumber=41743
_yKatalog online BPK
942 _cKS
_2UKD
999 _c41743
_d41743